[Event "Villa Ballester op 73rd"]
[Site "Buenos Aires"]
[Date "2024.01.26"]
[Round "7"]
[White "Yakisich, Marcelo"]
[Black "Zarate, Cristian"]
[Result "0-1"]
[WhiteElo "1917"]
[BlackElo "2006"]
[PlyCount "62"]
[EventDate "2024.01.19"]
[EventType "swiss"]
[EventRounds "9"]
[EventCountry "ARG"]
[SourceTitle "CB06_2024"]
[SourceDate "2024.02.07"]
[SourceVersion "1"]
[SourceVersionDate "2024.02.07"]
[SourceQuality "1"]

1. Nf3 c5 2. c4 Nc6 3. Nc3 g6 4. d4 cxd4 5. Nxd4 Bg7 6. Nb3 Nf6 7. e4 0-0 8. Be2 d6 9. 0-0 Be6 10. Be3 Qd7 11. Nd4 Nxd4 12. Bxd4 Rfc8 13. b3 Qd8 14. Rc1 Qa5 15. a4 h5 16. f3 a6 17. Nd5 Bxd5 18. exd5 Nd7 19. Bxg7 Kxg7 20. Qd4+ Kg8 21. Kh1 Qc5 22. Qe4 Nf6 23. Qd3 b5 24. axb5 axb5 25. f4 bxc4 26. bxc4 Ra6 27. Qb1 Rca8 28. f5 g5 29. h3 g4 30. h4 Qe3 31. Rfe1 Qg3 0-1

[Event "Buenos Aires 9 July op 5th"]
[Site "Buenos Aires"]
[Date "2023.05.25"]
[Round "1"]
[White "Zarate, Cristian"]
[Black "Perez Ponsa, Federico"]
[Result "0-1"]
[WhiteElo "1915"]
[BlackElo "2532"]
[PlyCount "82"]
[EventDate "2023.05.25"]
[EventType "swiss"]
[EventRounds "7"]
[EventCountry "ARG"]
[SourceTitle "CBM 214 Extra"]
[Source "ChessBase"]
[SourceDate "2023.07.31"]
[SourceVersion "1"]
[SourceVersionDate "2023.07.31"]
[SourceQuality "1"]

1. c4 e6 2. d4 Nf6 3. Nf3 d5 4. Nc3 dxc4 5. Qa4+ Nbd7 6. Bg5 Be7 7. e3 0-0 8. Qxc4 a6 9. a3 b5 10. Qb3 c5 11. Be2 Bb7 12. 0-0 h6 13. Bh4 Rc8 14. Rad1 Qc7 15. Bg3 Qc6 16. Rfe1 c4 17. Qc2 Nb6 18. e4 Rfd8 19. Ne5 Qe8 20. Bf3 Nbd7 21. Rd2 Nxe5 22. Bxe5 Nd7 23. Bg3 Bg5 24. Rdd1 Qe7 25. Qe2 Qf6 26. d5 Ne5 27. Bxe5 Qxe5 28. dxe6 fxe6 29. Rxd8+ Rxd8 30. Rd1 Bc6 31. Rxd8+ Bxd8 32. Bh5 a5 33. Qf3 Bf6 34. Qg4 g5 35. h4 b4 36. hxg5 hxg5 37. f4 Qxf4 38. Qxe6+ Kh8 39. axb4 Bd4+ 40. Kh1 Qh4+ 41. Qh3 Qe1+ 0-1

[Event "Vicente Lopez ProAm 100 Years op"]
[Site "Buenos Aires"]
[Date "2022.10.17"]
[Round "8"]
[White "Zarate, Cristian"]
[Black "Hernandez Amura, Gilberto"]
[Result "0-1"]
[WhiteElo "1923"]
[BlackElo "2193"]
[PlyCount "52"]
[EventDate "2022.10.11"]
[EventType "swiss"]
[EventRounds "9"]
[EventCountry "ARG"]
[SourceTitle "CBM 210 Extra"]
[Source "ChessBase"]
[SourceDate "2022.11.30"]
[SourceVersion "1"]
[SourceVersionDate "2022.11.30"]
[SourceQuality "1"]

1. c4 e5 2. Nc3 Bb4 3. Nd5 Bc5 4. b4 Bd4 5. Rb1 c6 6. e3 cxd5 7. exd4 d6 8. cxd5 Bf5 9. Rb3 Nf6 10. Bb5+ Nbd7 11. dxe5 dxe5 12. d4 0-0 13. Bxd7 Qxd7 14. dxe5 Nxd5 15. Ne2 Rfd8 16. 0-0 Nf4 17. Qe1 Nxe2+ 18. Qxe2 Bd3 19. Rxd3 Qxd3 20. Qxd3 Rxd3 21. Be3 b6 22. g3 Rad8 23. a4 Ra3 24. a5 bxa5 25. Bxa7 axb4 26. Bc5 Rb3 0-1

[Event "ARG-ch 96th"]
[Site "Buenos Aires"]
[Date "2022.06.10"]
[Round "9"]
[White "Hernandez Amura, Gilberto"]
[Black "Zarate, Cristian"]
[Result "1-0"]
[WhiteElo "2156"]
[BlackElo "1915"]
[PlyCount "65"]
[EventDate "2022.06.02"]
[EventType "swiss"]
[EventRounds "11"]
[EventCountry "ARG"]
[SourceTitle "CBM 208 Extra"]
[Source "ChessBase"]
[SourceDate "2022.07.31"]
[SourceVersion "1"]
[SourceVersionDate "2022.07.31"]
[SourceQuality "1"]

1. e4 c5 2. Nf3 d6 3. Bb5+ Nd7 4. 0-0 a6 5. Bd3 g6 6. c3 Bg7 7. Bc2 Ngf6 8. d4 0-0 9. Re1 e6 10. a4 Rb8 11. a5 Qc7 12. h3 b5 13. axb6 Nxb6 14. Bf4 cxd4 15. cxd4 Bb7 16. Nbd2 Rbc8 17. Bd3 Rfd8 18. Bxa6 Bxa6 19. Rxa6 Qb7 20. Ra3 d5 21. e5 Ne4 22. Rb3 Qc6 23. Nxe4 dxe4 24. Ng5 Nd5 25. Bg3 Ne7 26. Nxe4 Nf5 27. Rd3 Qb6 28. d5 exd5 29. Rxd5 Rxd5 30. Qxd5 Rd8 31. Nd6 Nxg3 32. Qxf7+ Kh8 33. Qe6 1-0